The rodents of Iowa, (Record no. 25861)

MARC details
000 -LEADER
fixed length control field 00735cam a22002531 4500
001 - CONTROL NUMBER
control field gs 18000301
003 - CONTROL NUMBER IDENTIFIER
control field DLC
005 - DATE AND TIME OF LATEST TRANSACTION
control field 20260227111322.0
008 - FIXED-LENGTH DATA ELEMENTS--GENERAL INFORMATION
fixed length control field 821014s1918 iaua b 000 0 eng c
010 ## - LIBRARY OF CONGRESS CONTROL NUMBER
LC control number gs 18000301
035 ## - SYSTEM CONTROL NUMBER
System control number (OCoLC)8860709
040 ## - CATALOGING SOURCE
Original cataloging agency U.S.Geol.Survey. Libr.
Transcribing agency ICIU
Modifying agency ICIU
-- DLC
042 ## - AUTHENTICATION CODE
Authentication code premarc
043 ## - GEOGRAPHIC AREA CODE
Geographic area code n-us-ia
050 00 - LIBRARY OF CONGRESS CALL NUMBER
Classification number QL737.R6
Item number S7
100 1# - MAIN ENTRY--PERSONAL NAME
Personal name Stoner, Dayton,
Dates associated with a name 1883-1944.
245 04 - TITLE STATEMENT
Title The rodents of Iowa,
Statement of responsibility, etc. by Dayton Stoner.
260 ## - PUBLICATION, DISTRIBUTION, ETC.
Place of publication, distribution, etc. Des Moines,
Name of publisher, distributor, etc. Iowa Geological Survey,
Date of publication, distribution, etc. 1918.
300 ## - PHYSICAL DESCRIPTION
Extent 172 p.
Other physical details illus.
Dimensions 24 cm.
490 0# - SERIES STATEMENT
Series statement Iowa. Geological Survey. Bulletin
Volume/sequential designation no. 5
504 ## - BIBLIOGRAPHY, ETC. NOTE
Bibliography, etc. note "List of references": p. 154-156.
650 #0 - SUBJECT ADDED ENTRY--TOPICAL TERM
Topical term or geographic name entry element Rodents.
650 #0 - SUBJECT ADDED ENTRY--TOPICAL TERM
Topical term or geographic name entry element Mammals
Geographic subdivision Iowa.

No items available.

Powered by Koha